Statistics for All US States by Perimeter

Click here to take the quiz!

General Stats

  • This quiz has been taken 312 times
  • The average score is 13 of 50

Answer Stats

kmStatemi% Correct
A57,038Alaska35,442
98%
F14,316Florida8,896
90%
T9,879Texas6,139
81%
L13,787Louisiana8,567
80%
C7,389California4,591
76%
V7,257Virginia4,509
70%
N7,019North Carolina4,361
54%
M6,966Michigan4,328
50%
W6,516Washington4,049
38%
M6,836Maine4,248
37%
O3,976Oregon2,471
31%
G5,292Georgia3,288
30%
S5,532South Carolina3,437
26%
N5,914New York3,675
22%
R784Rhode Island487
22%
V629Vermont391
21%
D848Delaware527
20%
I2,588Idaho1,608
19%
N3,295New Jersey2,047
19%
H1,693Hawaii1,052
18%
M6,368Maryland3,957
18%
O2,326Oklahoma1,445
18%
W2,490Wisconsin1,547
18%
A2,519Alabama1,565
17%
K2,062Kansas1,281
17%
C1,332Connecticut828
16%
K1,883Kentucky1,170
16%
M2,847Montana1,769
16%
O1,928Ohio1,198
16%
P1,723Pennsylvania1.071
16%
U1,968Utah1,223
16%
N998New Hampshire620
15%
T1,920Tennessee1,193
15%
M2,970Massachusetts1,845
14%
A2,285Arizona1,420
13%
A1,872Arkansas1,163
13%
I1,487Indiana924
13%
I1,640Iowa1,019
13%
N2,317Nevada1,440
13%
N2,374New Mexico1,475
13%
S1,976South Dakota1,228
13%
W1,603West Virginia996
13%
W2,023Wyoming1,257
13%
C2,096Colorado1,302
12%
M2,435Minnesota1,513
12%
M2,482Mississippi1,542
12%
I1,862Illinois1,157
11%
M2,266Missouri1,408
10%
N2,044Nebraska1,270
10%
N1,765North Dakota1,097
8%

Score Distribution

Percentile by Number Answered

Percent of People with Each Score

Your Score History

You have not taken this quiz